UM Logo

Entrepreneurship in tourism & hospitality / (Record no. 16447)

MARC details
000 -LEADER
fixed length control field 00755nam a22002057a 4500
005 - DATE AND TIME OF LATEST TRANSACTION
control field 20241010062522.0
008 - FIXED-LENGTH DATA ELEMENTS--GENERAL INFORMATION
fixed length control field 220214b ||||| |||| 00| 0 eng d
020 ## - INTERNATIONAL STANDARD BOOK NUMBER
International Standard Book Number 978-6-214-18095-0 (paperback)
082 ## - DEWEY DECIMAL CLASSIFICATION NUMBER
Edition number 2020
Classification number DFil 338.4791
Item number Os59
100 ## - MAIN ENTRY--PERSONAL NAME
Personal name Osorno, Rene D.,
Titles and words associated with a name [Author]
9 (RLIN) 39823
245 ## - TITLE STATEMENT
Title Entrepreneurship in tourism & hospitality /
Statement of responsibility, etc. Rene D. Osorno, Grayfield T. Bajao.
260 ## - PUBLICATION, DISTRIBUTION, ETC. (IMPRINT)
Place of publication, distribution, etc. Quezon City :
Name of publisher, distributor, etc. Wiseman's Books Trading, Inc.,
Date of publication, distribution, etc. [2020]
300 ## - PHYSICAL DESCRIPTION
Extent 70 pages ;
Dimensions 26 cm.
500 ## - GENERAL NOTE
General note Includes bibliographical references.<br/>
650 ## - SUBJECT ADDED ENTRY--TOPICAL TERM
Topical term or geographic name as entry element Tourism -- Management.
9 (RLIN) 68
650 ## - SUBJECT ADDED ENTRY--TOPICAL TERM
Topical term or geographic name as entry element Hospitality industry -- Management.
9 (RLIN) 11012
650 ## - SUBJECT ADDED ENTRY--TOPICAL TERM
Topical term or geographic name as entry element Entrepreneurship.
9 (RLIN) 43927
700 ## - ADDED ENTRY--PERSONAL NAME
Personal name Bajao, Grayfield T., author.
9 (RLIN) 43874
942 ## - ADDED ENTRY ELEMENTS (KOHA)
Source of classification or shelving scheme Dewey Decimal Classification
Koha item type Filipiniana
Holdings
Withdrawn status Lost status Source of classification or shelving scheme Damaged status Not for loan Collection code Home library Current library Date acquired Source of acquisition Total Checkouts Full call number Barcode Date last seen Copy number Price effective from Koha item type
    Dewey Decimal Classification     Filipiniana UM Digos College - LIC UM Digos College - LIC 02/15/2021 Purchased   DFil 338.4791 Os59 2020 26022 05/15/2025 1 02/14/2022 Filipiniana